College Quizbowl Stats
College Quizbowl Stats
Circuits
Seasons
Sets
Records
Detailed Stats
About
Loading...
Lower Mid-Atlantic
Tossups
Bonuses
Players
Teams
Categories (Tossup)
Categories (Bonus)
Lilli McLaughlin
Wake Forest A
Categories
Category
Powers
Gets
Negs
BBs
Points
Earliest Buzz
Avg. Buzz
First Buzzes
Top 3 Buzzes
BPA
PVF
Fine Arts - Other
0
1
0
0
10
132
132.00
0
1
0.00
0.00
Mythology
0
1
0
0
10
141
141.00
0
0
0.00
0.00
Pop Culture
0
1
0
1
10
129
129.00
0
0
0.00
0.00
History - European
0
0
0
0
0
0.00
0
0
0.00
0.00
Philosophy
0
0
1
0
-5
0.00
0
0
0.00
0.00
Buzzes
Category
Answer
Value
Buzz Position
History - European
Vienna
0
127
Philosophy
Hannah Arendt
-5
128
Pop Culture
Buffy the Vampire Slayer
10
129
Fine Arts - Other
Blue Mosque
10
132
Mythology
Seth
10
141
Previous
1
Next